| 000 | 01034cam a2200265 a 4500 | ||
|---|---|---|---|
| 001 | 000018296 | ||
| 003 | UkOxU | ||
| 005 | 20200929165437.0 | ||
| 008 | 880808s1985 fr 000 1 fre | ||
| 040 |
_aDO-SdBNP _cspa _cBNPHU |
||
| 082 |
_axxxx _bC617 |
||
| 100 | 1 |
_aClavel, Bernard, _d1923- _939623 |
|
| 245 | 1 | 4 |
_aLes colonnes du ciel / _cBernard Clavel. |
| 250 | _aEd. définitive | ||
| 260 |
_aParis : _bRobert Laffont, _c1985. |
||
| 300 |
_a2 v. ; _c24 cm. |
||
| 490 | 1 |
_aLes colonnes du ciel _v3 |
|
| 505 | 0 |
_gv. 1. _tLa saison des loups -- _tLa lumière du lac -- _gv. 2. _tLa femme de guerre -- _tMarie Bon Pain -- _tCompagnons du Nouveau-Monde -- |
|
| 700 | 1 | 2 |
_aClavel, Bernard, _d1923-. _tSaison des loups. _939624 |
| 700 | 1 | 2 |
_aClavel, Bernard, _d1923-. _tLumière du lac. _939625 |
| 700 | 1 | 2 |
_aClavel, Bernard, _d1923-. _tFemme de guerre. _939626 |
| 700 | 1 | 2 |
_aClavel, Bernard, _d1923-. _tMarie Bon Pain. _939627 |
| 700 | 1 | 2 |
_aClavel, Bernard, _d1923-. _tCompagnons du Nouveau-Monde. _939628 |
| 830 | 4 |
_aLes colonnes du ciel _v3 _939629 |
|
| 999 |
_c17817 _d17817 |
||